000 00433nam a2200145Ia 4500
008 231129s1994||||xx |||||||||||||| ||spa||
020 _a84-7509-986-6
040 _bspa
082 _a320.2 ó81r
100 _aOsborne David
245 0 _aLa reinvención del gobierno: La influencia del espí­ritu empresarial en el sector público
260 _c1994
264 _aPaidos
942 _2ddc
_cBKS
999 _c18093
_d18093